[Menová politika]

Recenzia na monografiu Menová politika - Stratégie, inštitúcie a nástroje. Kniha prezentuje ucelenú teoretickú koncepciu menovej politiky a centrálneho bankovníctva. Vychádza z definovania podstaty a funkcií peňazí, ktoré predstavujú najvýznamnejšiu ekonomickú kategóriu.

Salvato in:
Dettagli Bibliografici
Autore principale: Belás, Jaroslav
Natura: Capitolo di libro
Lingua:slovacco
Soggetti:
Tags: Aggiungi Tag
Nessun Tag, puoi essere il primo ad aggiungerne!!

MARC

LEADER 00000naa$a2200000$$$4500
001 0071860
005 20240502071844.0
041 0 |a slo 
044 |a SK 
245 1 0 |a [Menová politika]  |c Jaroslav Belás 
520 |a Recenzia na monografiu Menová politika - Stratégie, inštitúcie a nástroje. Kniha prezentuje ucelenú teoretickú koncepciu menovej politiky a centrálneho bankovníctva. Vychádza z definovania podstaty a funkcií peňazí, ktoré predstavujú najvýznamnejšiu ekonomickú kategóriu. 
610 2 0 |a recenzie 
610 2 0 |a politika menová 
610 2 0 |a peniaze 
610 2 0 |a bankovníctvo 
610 2 0 |a pojmy 
610 2 0 |a teórie ekonomické 
610 2 0 |a banky centrálne 
100 1 |a Belás, Jaroslav